000 00656nam a2200205 4500
999 _c164064
_d164064
005 20190509123950.0
010 _aENG-125151
020 _a9789388105040
_c100.00
035 _aEN-108683
037 _bDBAD/PUB
082 _a881
100 _aManazir Ashiq Harganvi
245 _aThe faith of morn /
_cby Manazir Ashiq Harganvi [and] Faraz Hamidi ; translated by Mohammad Hasnain
260 _aDelhi
_bEducational Publishing House
_c2018
270 _a3191, Vakil Street, Kucha Pandit
_bLal Kuan, Delhi
_e110006
300 _a64p.
_c23cm(Hb)
700 _aFaraz Hamidi
700 _aHasnain Mohammad
942 _2ddc
_cEN
_h881
_mMAN